[Event "Mitropa Cup 22nd"]
[Site "Pula"]
[Date "2003.05.17"]
[Round "1"]
[White "Balinov, Ilija"]
[Black "Navara, David"]
[Result "1/2-1/2"]
[WhiteElo "2446"]
[BlackElo "2576"]
[PlyCount "100"]
[EventDate "2003.05.17"]
[EventType "team-tourn"]
[EventRounds "9"]
[EventCountry "CRO"]
[Source "ChessBase"]
[SourceDate "2003.07.09"]

1. c4 g6 2. e4 e5 3. Nf3 Bg7 4. d4 exd4 5. Nxd4 Nf6 6. Nc3 O-O 7. g3 Re8 8. Bg2
d5 9. cxd5 Nxd5 10. Ndb5 Nxc3 11. Qxd8 Rxd8 12. Nxc3 Nc6 13. Bg5 f6 14. Bf4 Ne5
15. Bxe5 fxe5 16. Nd5 c6 17. Ne7+ Kf7 18. Nxc8 Raxc8 19. Ke2 Rd4 20. Rhd1 c5
21. b3 Bh6 22. Rab1 b5 23. Rb2 c4 24. bxc4 bxc4 25. f4 c3 26. Rc2 Rxd1 27. Kxd1
exf4 28. Rf2 g5 29. e5 Rc5 30. Kc2 Ke6 31. gxf4 gxf4 32. Rf3 Rxe5 33. Kxc3 Re2
34. Bf1 Rxh2 35. Rh3 Bg7+ 36. Kd3 Rxa2 37. Rxh7 Be5 38. Bh3+ Kf6 39. Bf1 a5 40.
Ra7 Ra3+ 41. Kc4 f3 42. Kb5 Bc3 43. Bc4 Bb4 44. Rf7+ Ke5 45. Bf1 Rc3 46. Bc4
Kd4 47. Rf4+ Ke3 48. Rf6 f2 49. Rf5 Rxc4 50. Kxc4 Bd6 1/2-1/2

[Event "Mitropa Cup 22nd"]
[Site "Pula"]
[Date "2003.05.17"]
[Round "1"]
[White "Cvitan, Ognjen"]
[Black "Varga, Peter"]
[Result "1-0"]
[WhiteElo "2551"]
[BlackElo "2486"]
[PlyCount "149"]
[EventDate "2003.05.17"]
[EventType "team-tourn"]
[EventRounds "9"]
[EventCountry "CRO"]
[Source "ChessBase"]
[SourceDate "2003.07.09"]

1. Nf3 d5 2. d4 c6 3. c4 Nf6 4. Nc3 dxc4 5. a4 Bf5 6. e3 e6 7. Bxc4 Bb4 8. O-O
O-O 9. Qe2 Bg4 10. h3 Bxf3 11. Qxf3 Nbd7 12. Rd1 Qc7 13. Na2 Bd6 14. Bd2 a5 15.
Nc3 Bb4 16. e4 e5 17. d5 Nb6 18. Bb3 Nbd7 19. Rac1 Qb6 20. dxc6 bxc6 21. Bg5
Bc5 22. Bc4 Bd4 23. b3 h6 24. Bh4 Kh7 25. Ne2 c5 26. Bb5 Qd6 27. Nxd4 exd4 28.
Bxf6 Nxf6 29. Qf5+ g6 30. Qxc5 Qxc5 31. Rxc5 Nxe4 32. Re5 Nc3 33. Rxd4 Nxb5 34.
Rxb5 Rfc8 35. Rd7 Kg7 36. g4 Ra6 37. Rd3 Rc2 38. Rf3 Ra7 39. Kg2 Rb2 40. h4 Rd2
41. h5 Rd4 42. Kg3 gxh5 43. gxh5 Kg8 44. Rf4 Rd3+ 45. Rf3 Rd4 46. Kg2 Kh7 47.
Rff5 Rd3 48. Rfd5 Rc3 49. Rd8 Kg7 50. Rbb8 Re7 51. Rg8+ Kf6 52. Rg3 Rc5 53.
Rb6+ Re6 54. Rf3+ Kg5 55. Rb7 Kxh5 56. Rbxf7 Kg6 57. Rb7 h5 58. Rg3+ Kf6 59.
Rgg7 Kf5 60. Rbf7+ Ke4 61. Rg3 Ree5 62. Re3+ Kd4 63. Rxe5 Kxe5 64. Rb7 Kd4 65.
Rb5 Re5 66. Kg3 Ke4 67. Rxe5+ Kxe5 68. Kh4 Kf4 69. Kxh5 Kf3 70. Kg5 Kxf2 71.
Kf4 Ke2 72. Ke4 Kd2 73. Kd4 Kc2 74. Kc4 Kb2 75. b4 1-0

[Event "Mitropa Cup 22nd"]
[Site "Pula"]
[Date "2003.05.17"]
[Round "1"]
[White "Erdos, Viktor"]
[Black "Sulava, Nenad"]
[Result "1-0"]
[WhiteElo "2425"]
[BlackElo "2516"]
[PlyCount "103"]
[EventDate "2003.05.17"]
[EventType "team-tourn"]
[EventRounds "9"]
[EventCountry "CRO"]
[Source "ChessBase"]
[SourceDate "2003.07.09"]

1. d4 Nf6 2. c4 e6 3. Nc3 Bb4 4. Qc2 Nc6 5. Nf3 d5 6. a3 Bxc3+ 7. Qxc3 Ne4 8.
Qc2 e5 9. e3 Bf5 10. Bd3 exd4 11. Nxd4 Nxd4 12. exd4 O-O 13. O-O Bg6 14. c5 Re8
15. Bf4 c6 16. Rfe1 Qh4 17. g3 Qh5 18. Qd1 Re6 19. Be2 Qf5 20. Bg4 Qf6 21. Bxe6
fxe6 22. f3 Bh5 23. Rf1 Rf8 24. Qd3 Ng5 25. Bxg5 Qxg5 26. Rae1 Qf6 27. Qe3 Bf7
28. Qe5 Qd8 29. Rf2 Kh8 30. Qf4 Bg8 31. Qd2 Rf6 32. Re5 b6 33. b4 Qb8 34. Qc3
b5 35. Qc2 h6 36. a4 a6 37. Kg2 Qb7 38. Qd1 Qf7 39. axb5 axb5 40. Qa1 Qg6 41.
Qd1 Rf8 42. Ra2 Bh7 43. Ra6 Qe8 44. Qe2 Rf6 45. Qa2 Rf8 46. Ra7 Bd3 47. Qd2 Qg6
48. Ra6 Bc4 49. h4 Rf5 50. Qc2 Kh7 51. Rxf5 exf5 52. g4 1-0

[Event "Mitropa Cup 22nd"]
[Site "Pula"]
[Date "2003.05.17"]
[Round "1"]
[White "Huss, Andreas"]
[Black "Borisek, Jure"]
[Result "0-1"]
[WhiteElo "2347"]
[BlackElo "2422"]
[PlyCount "108"]
[EventDate "2003.05.17"]
[EventType "team-tourn"]
[EventRounds "9"]
[EventCountry "CRO"]
[Source "ChessBase"]
[SourceDate "2003.07.09"]

1. d4 Nf6 2. c4 g6 3. Nf3 Bg7 4. Nc3 d5 5. cxd5 Nxd5 6. e4 Nxc3 7. bxc3 c5 8.
Rb1 O-O 9. Be2 Nc6 10. d5 Ne5 11. Nxe5 Bxe5 12. Qd2 b6 13. f4 Bg7 14. O-O e6
15. dxe6 fxe6 16. Qe3 Qe7 17. e5 Bb7 18. c4 Rad8 19. Bb2 Bh6 20. Rbd1 Rxd1 21.
Bxd1 Qf7 22. Bc1 Qf5 23. Qf2 Bg7 24. h3 Qd3 25. Bc2 Qc3 26. Qe2 Ba6 27. Bb3 Rd8
28. Bb2 Qd2 29. Qxd2 Rxd2 30. Rf2 Rd3 31. Kf1 Kf7 32. Ke2 Rg3 33. Kf1 Ke7 34.
Ke1 Bh6 35. Bc1 Bb7 36. Kf1 Bc6 37. Bd2 a6 38. Bd1 Rd3 39. Ke2 Rg3 40. Kf1 b5
41. Bb3 bxc4 42. Bxc4 Bb5 43. Bxb5 axb5 44. Be1 Rd3 45. Rb2 Kd7 46. Rxb5 Kc6
47. Ra5 Bxf4 48. Ra6+ Kd5 49. Rd6+ Ke4 50. Rxe6 Bxe5 51. a4 Ra3 52. a5 c4 53.
Ke2 Ra2+ 54. Kd1 Kd3 0-1

[Event "Mitropa Cup 22nd"]
[Site "Pula"]
[Date "2003.05.17"]
[Round "1"]
[White "Laznicka, Viktor"]
[Black "Fuchs, Georg"]
[Result "0-1"]
[WhiteElo "2438"]
[BlackElo "2244"]
[PlyCount "69"]
[EventDate "2003.05.17"]
[EventType "team-tourn"]
[EventRounds "9"]
[EventCountry "CRO"]
[Source "ChessBase"]
[SourceDate "2003.07.09"]

1. e4 e5 2. Nf3 Nf6 3. Nxe5 d6 4. Nf3 Nxe4 5. d4 d5 6. Bd3 Bd6 7. O-O O-O 8. c4
c6 9. cxd5 cxd5 10. Nc3 Nxc3 11. bxc3 Bg4 12. h3 Bh5 13. Rb1 b6 14. c4 dxc4 15.
Be4 Bg6 16. Bxa8 Bxb1 17. Bg5 f6 18. Qxb1 fxg5 19. Qb5 h6 20. Bd5+ Kh8 21. Bxc4
a6 22. Qd5 Qd7 23. Re1 b5 24. Bb3 Qc6 25. Ne5 Bxe5 26. dxe5 Qb6 27. Re2 Nc6 28.
Qe6 Rb8 29. Rd2 Na5 30. Qxb6 Rxb6 31. Rd8+ Kh7 32. Bd5 Kg6 33. Rf8 Nc4 34. e6
Nd6 35. e7 0-1

[Event "Mitropa Cup 22nd"]
[Site "Pula"]
[Date "2003.05.17"]
[Round "1"]
[White "Libiszewski, Fabien"]
[Black "Buhmann, Rainer"]
[Result "1/2-1/2"]
[WhiteElo "2369"]
[BlackElo "2526"]
[PlyCount "120"]
[EventDate "2003.05.17"]
[EventType "team-tourn"]
[EventRounds "9"]
[EventCountry "CRO"]
[Source "ChessBase"]
[SourceDate "2003.07.09"]

1. e4 e6 2. d4 d5 3. Nc3 Nf6 4. e5 Nfd7 5. f4 c5 6. Nf3 Nc6 7. Be3 cxd4 8. Nxd4
Bc5 9. Qd2 O-O 10. O-O-O a6 11. Kb1 Qc7 12. Qf2 Nxd4 13. Bxd4 b5 14. Bd3 Bxd4
15. Qxd4 Qc5 16. Ne2 b4 17. Rhe1 Re8 18. Qxc5 Nxc5 19. Nd4 a5 20. Nb5 Rd8 21.
Re3 Ba6 22. Nc7 Bxd3 23. Nxa8 Be4 24. Nb6 Rb8 25. Nd7 Nxd7 26. Rxe4 dxe4 27.
Rxd7 g5 28. g3 gxf4 29. gxf4 Kg7 30. Kc1 Kg6 31. Kd2 Rc8 32. h3 e3+ 33. Kxe3
Rxc2 34. Ra7 Rxb2 35. Rxa5 Rh2 36. Ke4 Rxh3 37. Ra8 h5 38. Rg8+ Kh6 39. Rb8 Ra3
40. f5 Ra4 41. fxe6 fxe6 42. Ke3 Kg5 43. Rg8+ Kf5 44. Rh8 Ra3+ 45. Kd4 Rxa2 46.
Rxh5+ Kf4 47. Rh4+ Kg5 48. Rh8 Rd2+ 49. Ke3 Rc2 50. Kd3 b3 51. Rb8 Rh2 52. Ke4
b2 53. Rg8+ Kh4 54. Rb8 Kg3 55. Ke3 Rc2 56. Kd3 Rf2 57. Ke3 Kg2 58. Rb7 Kg3 59.
Rb8 Rh2 60. Rg8+ Kh4 1/2-1/2

[Event "Mitropa Cup 22nd"]
[Site "Pula"]
[Date "2003.05.17"]
[Round "1"]
[White "Moor, Roger"]
[Black "Tratar, Marko"]
[Result "1/2-1/2"]
[WhiteElo "2405"]
[BlackElo "2464"]
[PlyCount "36"]
[EventDate "2003.05.17"]
[EventType "team-tourn"]
[EventRounds "9"]
[EventCountry "CRO"]
[Source "ChessBase"]
[SourceDate "2003.07.09"]

1. c4 g6 2. g3 Bg7 3. Bg2 e5 4. Nc3 d6 5. e3 Nc6 6. Nge2 f5 7. d3 Nf6 8. O-O
O-O 9. Rb1 Be6 10. b3 d5 11. d4 exd4 12. Nf4 Bf7 13. Ncxd5 Ne4 14. Bb2 dxe3 15.
fxe3 Ne5 16. Nd3 Nxd3 17. Bxg7 Kxg7 18. Qxd3 Nf6 1/2-1/2

[Event "Mitropa Cup 22nd"]
[Site "Pula"]
[Date "2003.05.17"]
[Round "1"]
[White "Naumann, Alexander"]
[Black "Gozzoli, Yannick"]
[Result "1/2-1/2"]
[WhiteElo "2524"]
[BlackElo "2431"]
[PlyCount "63"]
[EventDate "2003.05.17"]
[EventType "team-tourn"]
[EventRounds "9"]
[EventCountry "CRO"]
[Source "ChessBase"]
[SourceDate "2003.07.09"]

1. Nf3 Nf6 2. c4 c6 3. Nc3 d5 4. d4 dxc4 5. a4 Bg4 6. Ne5 Bh5 7. f3 e6 8. g4
Nfd7 9. Nxd7 Qh4+ 10. Kd2 Nxd7 11. gxh5 Nc5 12. Kc2 Nb3 13. Kb1 O-O-O 14. e3 e5
15. Bxc4 Nxa1 16. Bxf7 exd4 17. exd4 Qf6 18. Ba2 Rxd4 19. Qe2 Bb4 20. Qe6+ Kb8
21. Qxf6 gxf6 22. Kxa1 Bxc3 23. bxc3 Rxa4 24. Re1 Rg8 25. Kb1 Rg2 26. Bb3 Ra5
27. Re8+ Kc7 28. Re7+ Kd8 29. Rxb7 Rxh5 30. Bf4 Rb5 31. Rxb5 cxb5 32. Bc2
1/2-1/2

[Event "Mitropa Cup 22nd"]
[Site "Pula"]
[Date "2003.05.17"]
[Round "1"]
[White "Neuman, Petr"]
[Black "Kuba, Guenter"]
[Result "0-1"]
[WhiteElo "2445"]
[BlackElo "2307"]
[PlyCount "70"]
[EventDate "2003.05.17"]
[EventType "team-tourn"]
[EventRounds "9"]
[EventCountry "CRO"]
[Source "ChessBase"]
[SourceDate "2003.07.09"]

1. d4 d5 2. c4 Nc6 3. Nc3 dxc4 4. Nf3 Nf6 5. e4 Bg4 6. Be3 e6 7. Bxc4 Bb4 8.
Qd3 O-O 9. Bb5 Bxf3 10. gxf3 Ne7 11. O-O-O a6 12. Bc4 b5 13. Bb3 Ng6 14. Kb1 e5
15. Nd5 Nxd5 16. Bxd5 Rb8 17. Rhg1 Qf6 18. Qe2 Nf4 19. Bxf4 Qxf4 20. Rg4 Qxh2
21. Rdg1 g6 22. dxe5 Rbd8 23. f4 c6 24. Qf1 Qh5 25. Qg2 Qh6 26. Rh1 Qg7 27.
Bxc6 Rd2 28. Qg3 Rc8 29. Rc1 Qf8 30. Qe3 Qd8 31. a3 Rd3 32. Qa7 Bxa3 33. bxa3
Rb3+ 34. Ka2 Qd3 35. Bd5 Rc2+ 0-1

[Event "Mitropa Cup 22nd"]
[Site "Pula"]
[Date "2003.05.17"]
[Round "1"]
[White "Petrik, Tomas"]
[Black "Scalcione, Michelangelo"]
[Result "1-0"]
[WhiteElo "2387"]
[BlackElo "2366"]
[PlyCount "69"]
[EventDate "2003.05.17"]
[EventType "team-tourn"]
[EventRounds "9"]
[EventCountry "CRO"]
[Source "ChessBase"]
[SourceDate "2003.07.09"]

1. e4 e5 2. Nf3 d6 3. d4 exd4 4. Nxd4 Nf6 5. Nc3 Be7 6. Be2 O-O 7. O-O Re8 8.
f4 Bf8 9. Bf3 c5 10. Nb3 Nc6 11. Kh1 a5 12. a4 Qb6 13. Be3 Be6 14. Bf2 Nb4 15.
Nd2 Rad8 16. f5 Bd7 17. Nc4 Qa6 18. Ne3 Bc6 19. Ned5 Nbxd5 20. exd5 Bd7 21. g4
h6 22. Ra3 Re5 23. h3 Rde8 24. Rb3 b6 25. Bg3 Re3 26. Bf4 c4 27. Ra3 R3e5 28.
Ra1 Qc8 29. Bxe5 dxe5 30. Ne4 Nxe4 31. Bxe4 Bd6 32. f6 g6 33. Bxg6 e4 34. Bf5
e3 35. Qf3 1-0

[Event "Mitropa Cup 22nd"]
[Site "Pula"]
[Date "2003.05.17"]
[Round "1"]
[White "Ragger, Markus"]
[Black "Simacek, Pavel"]
[Result "0-1"]
[WhiteElo "2280"]
[BlackElo "2417"]
[PlyCount "96"]
[EventDate "2003.05.17"]
[EventType "team-tourn"]
[EventRounds "9"]
[EventCountry "CRO"]
[Source "ChessBase"]
[SourceDate "2003.07.09"]

1. e4 g6 2. d4 c6 3. Nc3 d5 4. h3 Bg7 5. Nf3 a6 6. a4 Nh6 7. Bd3 f6 8. O-O Nf7
9. Re1 O-O 10. Bf1 e6 11. Bf4 e5 12. Bh2 dxe4 13. Nxe4 f5 14. Nc5 b6 15. Nb3 e4
16. Ne5 Be6 17. Nc4 Nd7 18. c3 a5 19. Ne3 Nf6 20. c4 Re8 21. Qc2 Bf8 22. Red1
Bd6 23. Bxd6 Nxd6 24. d5 cxd5 25. cxd5 Rc8 26. Qd2 Bf7 27. g3 Nd7 28. Nd4 Ne5
29. Be2 Qf6 30. Rac1 Rxc1 31. Rxc1 Nd3 32. Rc6 Qxd4 33. Rxd6 Nf4 34. Qd1 Qb4
35. Nc4 Nxe2+ 36. Qxe2 Rc8 37. b3 Qxb3 38. Ne3 Qb4 39. Rc6 Rxc6 40. dxc6 Qxa4
41. c7 Qc6 42. Qc2 Qxc2 43. Nxc2 Be6 44. Na3 Kf7 45. Nc4 Ke7 46. Nxb6 Kd6 47.
c8=Q Bxc8 48. Nxc8+ Kc5 0-1

[Event "Mitropa Cup 22nd"]
[Site "Pula"]
[Date "2003.05.17"]
[Round "1"]
[White "Schenk, Andreas"]
[Black "Cornette, Matthieu"]
[Result "1-0"]
[WhiteElo "2473"]
[BlackElo "2325"]
[PlyCount "53"]
[EventDate "2003.05.17"]
[EventType "team-tourn"]
[EventRounds "9"]
[EventCountry "CRO"]
[Source "ChessBase"]
[SourceDate "2003.07.09"]

1. d4 d5 2. c4 c6 3. Nf3 Nf6 4. Nc3 dxc4 5. a4 Bg4 6. Ne5 Bh5 7. f3 e6 8. e4
Bb4 9. g4 Nxe4 10. fxe4 Qh4+ 11. Kd2 Qf2+ 12. Qe2 Qxd4+ 13. Kc2 Qxe5 14. gxh5
b5 15. Rg1 Be7 16. Rg4 Na6 17. Bf4 Nb4+ 18. Kb1 Qc5 19. Be3 Qxh5 20. axb5 Bf6
21. Rg2 Qh4 22. Bf2 Qh6 23. Qe3 cxb5 24. Qc5 Be7 25. Qxb5+ Kf8 26. Bc5 Qf6 27.
Bxc4 1-0

[Event "Mitropa Cup 22nd"]
[Site "Pula"]
[Date "2003.05.17"]
[Round "1"]
[White "Sebenik, Matej"]
[Black "Loetscher, Roland"]
[Result "1-0"]
[WhiteElo "2423"]
[BlackElo "2378"]
[PlyCount "73"]
[EventDate "2003.05.17"]
[EventType "team-tourn"]
[EventRounds "9"]
[EventCountry "CRO"]
[Source "ChessBase"]
[SourceDate "2003.07.09"]

1. c4 Nf6 2. Nc3 c5 3. g3 g6 4. Bg2 Bg7 5. e3 O-O 6. Nge2 d6 7. O-O Nbd7 8. a3
Ne5 9. d3 Bf5 10. e4 Bg4 11. f3 Bd7 12. b4 Nc6 13. Rb1 cxb4 14. axb4 Qb6+ 15.
c5 dxc5 16. bxc5 Qxc5+ 17. d4 Qc4 18. e5 Nd5 19. Nxd5 Qxd5 20. Rxb7 Nxd4 21. f4
Nxe2+ 22. Qxe2 Qe6 23. Ba3 Rfe8 24. Rc1 Rac8 25. Rd1 Ba4 26. Rd4 Rc2 27. Qe4
Rxg2+ 28. Qxg2 Bc6 29. Qb2 Bxe5 30. fxe5 Qxe5 31. Rxe7 Rxe7 32. Rd8+ Re8 33.
Qxe5 Rxd8 34. Bb2 Rd1+ 35. Kf2 Rd2+ 36. Ke3 f6 37. Qe6+ 1-0

[Event "Mitropa Cup 22nd"]
[Site "Pula"]
[Date "2003.05.17"]
[Round "1"]
[White "Stevic, Hrvoje"]
[Black "Balogh, Csaba"]
[Result "1-0"]
[WhiteElo "2550"]
[BlackElo "2471"]
[PlyCount "65"]
[EventDate "2003.05.17"]
[EventType "team-tourn"]
[EventRounds "9"]
[EventCountry "CRO"]
[Source "ChessBase"]
[SourceDate "2003.07.09"]

1. e4 c5 2. c3 d5 3. exd5 Qxd5 4. d4 Nf6 5. Nf3 e6 6. Be3 cxd4 7. cxd4 Bb4+ 8.
Nc3 O-O 9. Bd3 b6 10. O-O Bxc3 11. bxc3 Ba6 12. Bxa6 Nxa6 13. Qd3 Nc5 14. Qe2
Ncd7 15. c4 Qb7 16. a4 Rac8 17. a5 Rfe8 18. Rfc1 Qe4 19. Nd2 Qf5 20. Nb3 e5 21.
c5 exd4 22. Nxd4 Qd5 23. Nb5 Rxc5 24. Nc7 Rxc7 25. Rxc7 Qe5 26. Rcc1 bxa5 27.
Qd2 Nb6 28. Rxa5 Qe6 29. Qa2 Nbd5 30. Rxa7 Nxe3 31. Qxe6 Rxe6 32. Ra8+ Ne8 33.
Re1 1-0

[Event "Mitropa Cup 22nd"]
[Site "Pula"]
[Date "2003.05.17"]
[Round "1"]
[White "Wirig, Anthony"]
[Black "Doettling, Fabian"]
[Result "1/2-1/2"]
[WhiteElo "2347"]
[BlackElo "2520"]
[PlyCount "119"]
[EventDate "2003.05.17"]
[EventType "team-tourn"]
[EventRounds "9"]
[EventCountry "CRO"]
[Source "ChessBase"]
[SourceDate "2003.07.09"]

1. c4 e6 2. g3 d5 3. Bg2 Nf6 4. Nf3 Be7 5. O-O O-O 6. b3 b6 7. Bb2 Bb7 8. e3
Nbd7 9. Nc3 Ne4 10. d3 Nxc3 11. Bxc3 c5 12. Qe2 Bf6 13. Bxf6 Nxf6 14. Rfd1 Qe7
15. cxd5 Nxd5 16. Qb2 Rac8 17. d4 Rc7 18. Rac1 Rfc8 19. Qa3 a5 20. dxc5 Rxc5
21. Rxc5 Rxc5 22. Qa4 g6 23. Qd4 Nc3 24. Rd2 Nxa2 25. Ne5 Bxg2 26. Kxg2 Rd5 27.
Qb2 Nb4 28. Ng4 e5 29. Rxd5 Nxd5 30. Nxe5 Qb4 31. Qc2 Kg7 32. Qc4 Qd2 33. Qe4
Qd1 34. Nc4 Nf6 35. Qc6 Qxb3 36. Nxb6 Qb4 37. h3 h5 38. Kg1 Ne4 39. Kg2 Nc3 40.
h4 a4 41. Nc4 a3 42. Nd6 a2 43. Qc7 Qxd6 44. Qxd6 a1=Q 45. Qe5+ Kh7 46. Qf6
Qa8+ 47. Kh2 Ne2 48. Qxf7+ Kh6 49. Qf6 Qc8 50. Qf3 Qc4 51. Qf6 Qc3 52. Qf3 Qb2
53. Kg2 Kg7 54. g4 hxg4 55. Qxg4 Qb5 56. Qg5 Qb7+ 57. f3 Qb2 58. Qe7+ Kh6 59.
Qg5+ Kh7 60. Qe7+ 1/2-1/2

[Event "Mitropa Cup 22nd"]
[Site "Pula"]
[Date "2003.05.18"]
[Round "2"]
[White "Arlandi, Ennio"]
[Black "Cvitan, Ognjen"]
[Result "0-1"]
[WhiteElo "2456"]
[BlackElo "2551"]
[PlyCount "79"]
[EventDate "2003.05.17"]
[EventType "team-tourn"]
[EventRounds "9"]
[EventCountry "CRO"]
[Source "ChessBase"]
[SourceDate "2003.07.09"]

1. d4 Nf6 2. c4 e6 3. Nc3 Bb4 4. Qc2 c5 5. dxc5 Qc7 6. Nf3 Bxc5 7. Bg5 a6 8. e4
Nc6 9. Rd1 Ng4 10. Bh4 d6 11. Be2 Nge5 12. O-O O-O 13. a3 Nxf3+ 14. Bxf3 Nd4
15. Qd3 Bd7 16. Bg3 e5 17. Nd5 Qd8 18. Kh1 b5 19. Rfe1 Rc8 20. cxb5 Bxb5 21.
Qb1 Ba4 22. Rc1 Bb3 23. Bd1 Bxd5 24. exd5 Qg5 25. Rc3 Bb6 26. Qd3 Rxc3 27. bxc3
Nf5 28. Qxa6 Bc5 29. Qd3 h5 30. h4 Nxh4 31. Rf1 Nf5 32. Bh2 Rb8 33. a4 Rb2 34.
Bc2 g6 35. a5 h4 36. a6 Ra2 37. Qe2 Qh6 38. Qd3 Kg7 39. Kg1 Ng3 40. Rb1 0-1

[Event "Mitropa Cup 22nd"]
[Site "Pula"]
[Date "2003.05.18"]
[Round "2"]
[White "Balogh, Csaba"]
[Black "Sebenik, Matej"]
[Result "1-0"]
[WhiteElo "2471"]
[BlackElo "2423"]
[PlyCount "121"]
[EventDate "2003.05.17"]
[EventType "team-tourn"]
[EventRounds "9"]
[EventCountry "CRO"]
[Source "ChessBase"]
[SourceDate "2003.07.09"]

1. e4 c5 2. Nf3 Nc6 3. Bb5 e6 4. O-O Nge7 5. b3 f6 6. Nh4 Qb6 7. Na3 Nd4 8. Bd3
e5 9. Nc4 Qc7 10. Ne3 d6 11. c3 Ne6 12. Nhf5 g6 13. Nxe7 Bxe7 14. Nd5 Qd8 15.
Bc4 Bd7 16. a4 Nc7 17. d4 Bc6 18. dxc5 dxc5 19. f4 Bd6 20. fxe5 Bxe5 21. Bf4
Bxd5 22. exd5 Bxf4 23. Rxf4 Qd6 24. Qf3 O-O 25. Bd3 Kg7 26. c4 Rae8 27. Rf1 Re5
28. Rh4 Rfe8 29. Qf4 h5 30. Qg3 f5 31. Bxf5 Rf8 32. Bd3 Rxf1+ 33. Bxf1 Ne8 34.
Rf4 Nf6 35. Rf5 Ng4 36. Rxe5 Qxe5 37. Qxe5+ Nxe5 38. Kf2 Ng4+ 39. Kg3 Ne3 40.
Bd3 Kf6 41. h3 g5 42. Kf3 Nd1 43. g3 Nc3 44. h4 Na2 45. Ke3 b6 46. Be2 g4 47.
Bd3 Nb4 48. Be4 Na2 49. Bb1 Nb4 50. Kf4 Na6 51. d6 Nb8 52. Be4 Nd7 53. Bf5 Ne5
54. d7 Nf7 55. Be4 Nd8 56. Bd5 a6 57. Ke4 Ke7 58. Kf5 Kxd7 59. Kg6 Ne6 60.
Bxe6+ Kxe6 61. Kxh5 1-0

[Event "Mitropa Cup 22nd"]
[Site "Pula"]
[Date "2003.05.18"]
[Round "2"]
[White "Borgo, Giulio"]
[Black "Stevic, Hrvoje"]
[Result "1/2-1/2"]
[WhiteElo "2425"]
[BlackElo "2550"]
[PlyCount "97"]
[EventDate "2003.05.17"]
[EventType "team-tourn"]
[EventRounds "9"]
[EventCountry "CRO"]
[Source "ChessBase"]
[SourceDate "2003.07.09"]

1. c4 c5 2. Nf3 Nc6 3. d4 cxd4 4. Nxd4 g6 5. e4 Nf6 6. Nc3 d6 7. Be2 Nxd4 8.
Qxd4 Bg7 9. Be3 O-O 10. Qd2 Be6 11. Rc1 Qa5 12. f3 Rfc8 13. b3 a6 14. Nd5 Qxd2+
15. Kxd2 Nxd5 16. exd5 Bd7 17. Bd3 b5 18. Ke2 b4 19. c5 dxc5 20. Bxc5 Bc3 21.
Bxe7 Re8 22. d6 Bf6 23. Rc7 Bxe7 24. dxe7 Rxe7+ 25. Kf2 Kf8 26. Be4 Rae8 27.
Rd1 Bb5 28. Rxe7 Kxe7 29. g4 h6 30. Rd4 a5 31. h4 Rb8 32. Ke3 Bd7 33. Bd5 Rc8
34. Bxf7 Rc3+ 35. Kf4 Bxg4 36. fxg4 Kxf7 37. Rd7+ Ke6 38. Ra7 Rh3 39. Ra6+ Kf7
40. Ra7+ Ke6 41. Ra6+ Kf7 42. h5 gxh5 43. Rxh6 hxg4 44. Ra6 Rh5 45. Kxg4 Rc5
46. Kf4 Ke7 47. Ke4 Kd7 48. Kd4 Rh5 49. Kc4 1/2-1/2

[Event "Mitropa Cup 22nd"]
[Site "Pula"]
[Date "2003.05.18"]
[Round "2"]
[White "Cornette, Matthieu"]
[Black "Laznicka, Viktor"]
[Result "1-0"]
[WhiteElo "2325"]
[BlackElo "2438"]
[PlyCount "53"]
[EventDate "2003.05.17"]
[EventType "team-tourn"]
[EventRounds "9"]
[EventCountry "CRO"]
[Source "ChessBase"]
[SourceDate "2003.07.09"]

1. e4 e6 2. Nc3 d5 3. Nf3 Nf6 4. e5 Nfd7 5. d4 c5 6. dxc5 Nc6 7. Bf4 Bxc5 8.
Bd3 a6 9. a3 b5 10. O-O Be7 11. Qd2 Bb7 12. Rfe1 Nb6 13. a4 b4 14. Nd1 a5 15.
Bb5 Qc7 16. Ne3 Ba6 17. Bxa6 Rxa6 18. b3 Ra8 19. h4 Qb7 20. h5 h6 21. Bg3 Nd7
22. Nd4 Rc8 23. Rad1 Bc5 24. Nb5 Qb6 25. Nxd5 exd5 26. Qxd5 Ncxe5 27. Qxd7+ 1-0

[Event "Mitropa Cup 22nd"]
[Site "Pula"]
[Date "2003.05.18"]
[Round "2"]
[White "Fuchs, Georg"]
[Black "Huss, Andreas"]
[Result "1/2-1/2"]
[WhiteElo "2244"]
[BlackElo "2347"]
[PlyCount "47"]
[EventDate "2003.05.17"]
[EventType "team-tourn"]
[EventRounds "9"]
[EventCountry "CRO"]
[Source "ChessBase"]
[SourceDate "2003.07.09"]

1. e4 e6 2. d4 d5 3. exd5 exd5 4. Nf3 Nf6 5. Be2 Bd6 6. O-O O-O 7. b3 c5 8. Bb2
Nc6 9. Re1 cxd4 10. Nxd4 Ne4 11. g3 Bc5 12. Bf3 Qb6 13. Bxe4 dxe4 14. Rxe4 f5
15. Rf4 Rd8 16. c3 g5 17. Rf3 f4 18. Qe2 Nxd4 19. cxd4 Bxd4 20. Nc3 Bg4 21.
Qc4+ Be6 22. Qe2 Bg4 23. Qc4+ Be6 24. Qe2 1/2-1/2

[Event "Mitropa Cup 22nd"]
[Site "Pula"]
[Date "2003.05.18"]
[Round "2"]
[White "Gozzoli, Yannick"]
[Black "Neuman, Petr"]
[Result "1-0"]
[WhiteElo "2431"]
[BlackElo "2445"]
[PlyCount "61"]
[EventDate "2003.05.17"]
[EventType "team-tourn"]
[EventRounds "9"]
[EventCountry "CRO"]
[Source "ChessBase"]
[SourceDate "2003.07.09"]

1. d4 d6 2. c4 e5 3. d5 Be7 4. Nc3 c5 5. e4 Bg5 6. Bxg5 Qxg5 7. g3 Qd8 8. Bg2
Ne7 9. Nge2 O-O 10. O-O Ng6 11. Qd2 Nd7 12. f4 exf4 13. gxf4 Re8 14. Ng3 Nf6
15. Rae1 a6 16. e5 dxe5 17. fxe5 Rxe5 18. Rxe5 Nxe5 19. Qg5 Ng6 20. Nce4 h6 21.
Nxf6+ Qxf6 22. Qxf6 gxf6 23. Ne4 b5 24. Nxf6+ Kf8 25. d6 Ra7 26. Bd5 bxc4 27.
Bxc4 Ne5 28. Bd5 Bb7 29. d7 Ke7 30. Re1 Bxd5 31. Nxd5+ 1-0

[Event "Mitropa Cup 22nd"]
[Site "Pula"]
[Date "2003.05.18"]
[Round "2"]
[White "Kuba, Guenter"]
[Black "Moor, Roger"]
[Result "1-0"]
[WhiteElo "2307"]
[BlackElo "2405"]
[PlyCount "55"]
[EventDate "2003.05.17"]
[EventType "team-tourn"]
[EventRounds "9"]
[EventCountry "CRO"]
[Source "ChessBase"]
[SourceDate "2003.07.09"]

1. e4 c5 2. Nf3 b6 3. Nc3 Bb7 4. d4 cxd4 5. Nxd4 a6 6. Bg5 d6 7. Bc4 Nd7 8. O-O
Ngf6 9. Qe2 b5 10. Bb3 e6 11. Bxe6 fxe6 12. Nxe6 Qc8 13. Nd5 Kf7 14. Bxf6 Bxd5
15. Bxg7 Bxg7 16. Nxg7 Kxg7 17. exd5 Nf6 18. Qe7+ Kg6 19. Qxd6 Rd8 20. Qg3+ Kf7
21. d6 Qxc2 22. Rac1 Qf5 23. Rfe1 Rd7 24. Re5 Rc8 25. Rce1 Re8 26. f4 Qc2 27.
Rxe8 Nxe8 28. Rxe8 1-0

[Event "Mitropa Cup 22nd"]
[Site "Pula"]
[Date "2003.05.18"]
[Round "2"]
[White "Loetscher, Roland"]
[Black "Ragger, Markus"]
[Result "1-0"]
[WhiteElo "2378"]
[BlackElo "2280"]
[PlyCount "91"]
[EventDate "2003.05.17"]
[EventType "team-tourn"]
[EventRounds "9"]
[EventCountry "CRO"]
[Source "ChessBase"]
[SourceDate "2003.07.09"]

1. d4 Nf6 2. c4 e6 3. g3 Bb4+ 4. Bd2 Qe7 5. Bg2 Nc6 6. e3 Bxd2+ 7. Qxd2 O-O 8.
Nc3 d6 9. Nge2 a5 10. O-O e5 11. Nd5 Qd8 12. Rac1 Bd7 13. h3 Re8 14. Nec3 exd4
15. exd4 Nxd5 16. Nxd5 Ne7 17. Nxe7+ Rxe7 18. Bxb7 Bxh3 19. Rfe1 Rb8 20. Rxe7
Qxe7 21. Qxa5 c5 22. Bc6 cxd4 23. Qd2 Qf6 24. b3 h5 25. Re1 Bf5 26. Bg2 d3 27.
Bf1 Qd4 28. Rd1 Re8 29. Qf4 Qxf4 30. gxf4 d2 31. Rxd2 Re1 32. Kg2 Kf8 33. Bd3
Bd7 34. Re2 Ra1 35. Be4 Bg4 36. Bf3 Bxf3+ 37. Kxf3 Rg1 38. Re3 g6 39. b4 Rc1
40. Rb3 Rxc4 41. b5 h4 42. b6 Rc8 43. b7 Rb8 44. a4 Ke7 45. a5 h3 46. a6 1-0